00599 2200229 4500001002100000005001500021035002000036007000300056008004100059020002200100082000800122084001400130100002500144245003200169260005400201300003800255650001500293650001000308650001200318990001900330990002000349INLIS00000000000305520260602060815 a0010-0626000006ta260602 f 0 ind  a978-623-359-437-0 a664 a664 NUS t1 aNusantoro, Bangun P.1 aTeknologi Kakao dan Cokelat aYogyakarta :bGadjah Mada University Press,c2024 axviii + 228 hlm. ;c15.5 x 23 cm. 4aPerkebunan 4aKakao 4aCokelat a20260609.03.05 a20260609.03.006